00925cam a22002411 4500001001300000003000400013005001700017008004100034010001700075035001900092040001800111042001200129050002600141082001000167100002300177245006700200260006900267300001800336500002100354500007900375500021200454999001700666ca 34001747 DLC20260227111135.0800221s1934 nyu 000 0 eng  aca 34001747  a(OCoLC)6005459 aDLCcOCldDLC apremarc00aPS3537.T4766bG6 1934 a812.51 aStevenson, Philip.10aGod's in his heaven,ba play in one act,cby Philip Stevenson. aNew York city,bThe Script library of the Theatre unionc[c1934] a46 p.c21 cm. a"First edition." aOn cover: Prize winning play in the Theatre union annual competition 1934. a"Conceived as the second episode of a trilogy. The plays present three aspects of unemployment and crisis and build slowly toward the solution offered in the third play."--Theatre union script library, p. 3. c17613d17613